| 000 | 00790nam a2200265 a 4500 | ||
|---|---|---|---|
| 001 | 013617741 | ||
| 003 | Uk | ||
| 005 | 20131009151935.0 | ||
| 008 | 061205s2007 xxua 001 0 eng | ||
| 010 | _a2006027559 | ||
| 015 |
_aGBA6A5128 _2bnb |
||
| 020 | _a0131186558 : | ||
| 020 | _a9780131186552 | ||
| 082 | 0 | 4 |
_a624.17 _222 _bSHA |
| 100 | 1 |
_aShaeffer, R. E. _918517 |
|
| 245 | 1 | 0 |
_aElementary structures for architects and builders / _cRonald E. Shaeffer. |
| 250 | _a5th ed. | ||
| 260 |
_aUpper Saddle River, New Jersey : _bPearson Prentice Hall, _cc2007. |
||
| 300 |
_aii, 531 p. : _bill. ; _c26 cm. |
||
| 500 | _aIncludes index. | ||
| 650 | 0 |
_aStructural analysis (Engineering) _934043 |
|
| 650 | 0 |
_aStructural design. _934044 |
|
| 653 |
_bArch _cOctober2013 |
||
| 942 |
_2ddc _cBB |
||
| 999 |
_c17635 _d17607 |
||